000 00241nam a2200109Ia 4500
008 240625s9999 xx 000 0 und d
041 _aeng
082 _a657 BAP
100 _aBAPAT VARADRAJ
245 _aFINANCIAL ACCOUNTING
260 _c2012
999 _c39659
_d39659